000 00799cam a22002535a 4500
001 18533843
005 20161115145110.0
008 150319s2016 enka frb 001 0 eng d
020 _a9781138792845
040 _aDLC
_beng
_cDLC
_dEG-ScBUE
082 0 4 _a070.4
_222
_bBUL
100 1 _aBull, Andy,
_d1956-
245 1 0 _aMultimedia journalism :
_ba practical guide /
_cAndy Bull.
250 _a2nd ed.
260 _aOxon ;
_aNew York :
_bRoutledge / Taylor & Francis Group,
_c2016.
300 _axx, 512 p. :
_bill. ;
_c26 cm.
500 _aIndex : p. 504-512.
504 _aIncludes bibliographical references.
650 7 _aJournalism.
_2BUEsh
_937800
650 7 _aOnline journalism.
_2BUEsh
_937766
650 7 _aInteractive multimedia.
_2BUEsh
653 _bCOMAME
_cNovember2016
942 _2ddc
999 _c23155
_d23127